[Event "Edmonton Summit"]
[Site "Edmonton CAN"]
[Date "2002.12.21"]
[Round "4"]
[White "Gardner, Robert"]
[Black "Veneracion, Paolo"]
[Result "0-1"]
[WhiteElo "2263"]
[BlackElo "2140"]
[PlyCount "74"]
[EventDate "2002.12.08"]
[EventType "tourn"]
[EventRounds "6"]
[EventCountry "CAN"]

1. g3 d5 2. Bg2 e5 3. c3 Nf6 4. d4 e4 5. h4 Bd6 6. Nh3 Ng4 7. e3 Na6 8. Nf4 c6
9. a3 Qe7 10. c4 O-O 11. cxd5 Bxf4 12. gxf4 cxd5 13. Nc3 Rd8 14. Bd2 f5 15. Qe2
Nc7 16. f3 Nf6 17. fxe4 Nxe4 18. Nxe4 dxe4 19. Rc1 Be6 20. h5 Rac8 21. Kf2 Nd5
22. Kg3 Qe8 23. h6 Rxc1 24. Bxc1 g6 25. Bd2 Rc8 26. Rc1 Rxc1 27. Bxc1 Qc6 28.
Qd1 Nf6 29. Bh3 Kf7 30. b4 b5 31. Bb2 Bd5 32. Bf1 a6 33. a4 bxa4 34. Qe2 Ng4
35. Qxa6 Qxa6 36. Bxa6 Nxe3 37. Kf2 Nd1+ 0-1

[Event "Edmonton Summit"]
[Site "Edmonton CAN"]
[Date "2002.12.21"]
[Round "4"]
[White "Reeve, Jeff"]
[Black "Li, Zhichao"]
[Result "1/2-1/2"]
[WhiteElo "2374"]
[BlackElo "2208"]
[PlyCount "109"]
[EventDate "2002.12.08"]
[EventType "tourn"]
[EventRounds "6"]
[EventCountry "CAN"]

1. e4 e5 2. Nf3 Nc6 3. d4 exd4 4. Nxd4 Nxd4 5. Qxd4 Qf6 6. Be3 Qxd4 7. Bxd4 Ne7
8. c4 Nc6 9. Be3 Bb4+ 10. Nd2 O-O 11. a3 Bxd2+ 12. Kxd2 d6 13. Kc3 f5 14. exf5
Bxf5 15. Rd1 Bg4 16. Rd2 b6 17. h3 Bf5 18. Bd3 Bxd3 19. Rxd3 a5 20. b3 Rae8 21.
Rhd1 h6 22. b4 axb4+ 23. axb4 Ra8 24. Rb1 Ra3+ 25. Rb3 Rfa8 26. Rd1 Ra1 27.
Rxa1 Rxa1 28. h4 h5 29. g3 Kf7 30. c5 b5 31. Kb2 Ra4 32. cxd6 cxd6 33. Bd2 Ne5
34. Kc3 Nc4 35. Bf4 Ra1 36. Kd4 Ke6 37. Ke4 Ra2 38. Be3 g6 39. Kf4 Rb2 40. Rxb2
Nxb2 41. Ke4 Nc4 42. Bc1 Nb6 43. f3 Nd5 44. Bd2 Nf6+ 45. Kf4 Nd5+ 46. Kg5 Kf7
47. g4 hxg4 48. fxg4 Kg7 49. h5 gxh5 50. gxh5 Ne7 51. Bf4 d5 52. Be5+ Kh7 53.
Bc3 Nc6 54. Bd2 d4 55. Kf5 1/2-1/2

[Event "Edmonton Summit"]
[Site "Edmonton CAN"]
[Date "2002.12.22"]
[Round "5"]
[White "Gardner, Robert"]
[Black "Reeve, Jeff"]
[Result "0-1"]
[WhiteElo "2263"]
[BlackElo "2374"]
[PlyCount "88"]
[EventDate "2002.12.08"]
[EventType "tourn"]
[EventRounds "6"]
[EventCountry "CAN"]

1. d4 Nf6 2. c4 c5 3. d5 e6 4. Nc3 exd5 5. cxd5 Bd6 6. e4 Bc7 7. Bd3 d6 8. Nf3
O-O 9. O-O a6 10. a4 Re8 11. Nd2 Nbd7 12. Nc4 Rb8 13. a5 Ne5 14. Nxe5 Rxe5 15.
Bf4 Re8 16. Bg5 h6 17. Bh4 g5 18. Bg3 Bg4 19. f3 Bh5 20. h4 Bg6 21. hxg5 hxg5
22. Qd2 Nh5 23. Bh2 Qf6 24. Ne2 b6 25. g4 Ng7 26. axb6 Rxb6 27. Ra2 Reb8 28.
Rb1 Qxf3 29. Ng3 Qxg4 30. Be2 Qf4 31. Qd3 Qh4 32. b3 Rb4 33. Rxa6 c4 34. Qc2
Bb6+ 35. Kg2 cxb3 36. Rxb3 Rxb3 37. Qxb3 Bxe4+ 38. Nxe4 Qxe4+ 39. Bf3 Qd4 40.
Bxd6 Qf2+ 41. Kh3 Bc7 42. Ra8 Bxd6 43. Rxb8+ Kh7 44. Be4+ f5 0-1

[Event "Edmonton Summit"]
[Site "Edmonton CAN"]
[Date "2002.12.22"]
[Round "5"]
[White "Veneracion, Paolo"]
[Black "Li, Zhichao"]
[Result "0-1"]
[WhiteElo "2140"]
[BlackElo "2208"]
[PlyCount "134"]
[EventDate "2002.12.08"]
[EventType "tourn"]
[EventRounds "6"]
[EventCountry "CAN"]

1. d4 Nf6 2. c4 g6 3. g3 Bg7 4. Bg2 O-O 5. e4 d6 6. Nc3 c5 7. dxc5 dxc5 8. Qxd8
Rxd8 9. e5 Ng4 10. Nd5 Nc6 11. f4 Nd4 12. Be4 f5 13. Bd3 b5 14. b3 Bb7 15. h3
Nxe5 16. fxe5 e6 17. Bf4 exd5 18. cxb5 Rac8 19. Ne2 Nf3+ 20. Kf2 c4 21. Bc2 d4
22. bxc4 d3 23. Bb3 Kh8 24. Nc3 Nxe5 25. Bxe5 Bxe5 26. Nd5 Bd4+ 27. Kf3 Bxa1
28. Rxa1 Kg7 29. Ke3 Bxd5 30. cxd5 Kf6 31. Kxd3 Re8 32. Rf1 Re4 33. g4 Rb4 34.
gxf5 gxf5 35. Re1 Rxb5 36. Re6+ Kg5 37. Re7 h5 38. Rxa7 Rb6 39. Ra4 Re8 40. h4+
Kf6 41. Rf4 Re1 42. Kd4 Rb4+ 43. Bc4 Re4+ 44. Rxe4 fxe4 45. Kc5 Rb2 46. Kd4 Kf5
47. a4 Rd2+ 48. Ke3 Rc2 49. Bb5 Ke5 50. d6 Kxd6 51. Kxe4 Rh2 52. Kf4 Rxh4+ 53.
Kg5 Rh2 54. Be8 h4 55. Kg4 Re2 56. Bb5 Re4+ 57. Kh3 Rb4 58. Be8 Ke7 59. Bc6 Kf6
60. a5 Kg5 61. a6 Rb3+ 62. Kh2 Ra3 63. Bb7 h3 64. Bc8 Kh4 65. Bb7 Ra2+ 66. Kg1
Kg3 67. Kf1 h2 0-1

[Event "Edmonton Summit"]
[Site "Edmonton CAN"]
[Date "2002.12.22"]
[Round "6"]
[White "Li, Zhichao"]
[Black "Gardner, Robert"]
[Result "1-0"]
[WhiteElo "2208"]
[BlackElo "2263"]
[PlyCount "137"]
[EventDate "2002.12.08"]
[EventType "tourn"]
[EventRounds "6"]
[EventCountry "CAN"]

1. e4 c5 2. Nf3 d6 3. Bc4 e6 4. d4 cxd4 5. Nxd4 Nf6 6. Nc3 a6 7. Bb3 Nbd7 8.
O-O Nc5 9. Re1 Be7 10. f3 O-O 11. Na4 Nxb3 12. Nxb3 b5 13. Nc3 b4 14. Ne2 Bb7
15. Be3 Qc7 16. Qd4 d5 17. Bf4 Qc8 18. e5 Nd7 19. c3 bxc3 20. Qxc3 Qxc3 21.
Nxc3 Nc5 22. Nxc5 Bxc5+ 23. Kf1 a5 24. Red1 Ba6+ 25. Ne2 Rab8 26. b3 Rfc8 27.
Ke1 Bb4+ 28. Bd2 Bxe2 29. Kxe2 Rc2 30. Kd3 Rbc8 31. Bxb4 axb4 32. Rd2 R8c3+ 33.
Ke2 g5 34. Kd1 Rxd2+ 35. Kxd2 Rc8 36. a4 bxa3 37. Rxa3 Kg7 38. Ra7 Kg6 39. g4
d4 40. Rd7 Rc3 41. b4 Rc4 42. Rb7 Rc3 43. b5 f6 44. Re7 Rc5 45. Rxe6 Rxb5 46.
Rxf6+ Kg7 47. Rf5 h6 48. Kd3 Rb2 49. Kxd4 Rxh2 50. e6 Ra2 51. Re5 Kf8 52. e7+
Ke8 53. Re6 Rh2 54. Ke4 h5 55. gxh5 Rxh5 56. Kf5 Rh3 57. Kg4 Rh7 58. Kxg5 Rg7+
59. Kf4 Rf7+ 60. Ke4 Rh7 61. f4 Rh5 62. f5 Rh1 63. Kf4 Rh7 64. Kg5 Rh1 65. Re2
Rg1+ 66. Kf6 Rh1 67. Rg2 Rh8 68. Rg6 Kd7 69. Kg7 1-0

[Event "Edmonton Summit"]
[Site "Edmonton CAN"]
[Date "2002.12.22"]
[Round "6"]
[White "Reeve, Jeff"]
[Black "Veneracion, Paolo"]
[Result "1-0"]
[WhiteElo "2374"]
[BlackElo "2140"]
[PlyCount "53"]
[EventDate "2002.12.08"]
[EventType "tourn"]
[EventRounds "6"]
[EventCountry "CAN"]

1. e4 c5 2. Nf3 d6 3. d4 cxd4 4. Nxd4 Nf6 5. Nc3 a6 6. Bg5 b5 7. Bxf6 gxf6 8.
a4 b4 9. Nd5 Bb7 10. Qh5 Bxd5 11. exd5 Qa5 12. Be2 Nd7 13. f4 Rc8 14. O-O Qb6
15. c3 bxc3 16. bxc3 Rxc3 17. Rfd1 Qa5 18. Kh1 Nb8 19. Rab1 Qc7 20. Bg4 h6 21.
Qf5 Bg7 22. Ne6 fxe6 23. Qg6+ Kd8 24. Qxg7 Re8 25. Bh5 exd5 26. Bxe8 Kxe8 27.
Rxb8+ 1-0

[Event "Eric Lawson ben."]
[Site "Montreal CAN"]
[Date "2002.12.20"]
[Round "1"]
[White "Bedard, Michel"]
[Black "Asselin, John"]
[Result "1/2-1/2"]
[WhiteElo "1553"]
[BlackElo "1233"]
[PlyCount "145"]
[EventDate "2002.12.20"]
[EventType "swiss"]
[EventRounds "4"]
[EventCountry "CAN"]

1. d4 Nf6 2. c4 g6 3. Nc3 Bg7 4. e4 d6 5. Nf3 O-O 6. Be2 Nbd7 7. h3 c5 8. Be3
a6 9. Qd2 b6 10. g4 cxd4 11. Nxd4 Bb7 12. f3 Rc8 13. h4 Ne5 14. b3 Nc6 15. h5
Nxd4 16. Bxd4 Qc7 17. hxg6 fxg6 18. Rc1 d5 19. exd5 e6 20. Be3 exd5 21. Nxd5
Nxd5 22. cxd5 Bc3 23. Rxc3 Qxc3 24. d6 Qxd2+ 25. Kxd2 b5 26. a4 Bxf3 27. Rd1
Bxe2 28. Kxe2 Rf7 29. Bg5 Rd7 30. Be7 bxa4 31. bxa4 Rc4 32. Kf3 Rxa4 33. Rc1
Rb4 34. Rc8+ Kg7 35. Ra8 Rb6 36. g5 Rdxd6 37. Bxd6 Rxd6 38. Ra7+ Kg8 39. Ke4
Rb6 40. Ra8+ Kf7 41. Ra7+ Ke6 42. Rxh7 Rb4+ 43. Kf3 Kf5 44. Rc7 Rb5 45. Rc3
Kxg5 46. Ra3 a5 47. Kg3 Kh5 48. Kh3 g5 49. Kg3 Rf5 50. Ra4 g4 51. Ra1 Kg5 52.
Ra4 Kh5 53. Ra1 Rg5 54. Ra4 Kg6 55. Ra1 Kh5 56. Ra4 Rb5 57. Ra3 Rc5 58. Ra4
Rc3+ 59. Kg2 Kh4 60. Rxa5 Rc2+ 61. Kg1 Kh3 62. Ra3+ Kh4 63. Ra4 Kg5 64. Ra5+
Kf4 65. Ra4+ Kf3 66. Ra3+ Kf4 67. Ra4+ Kg5 68. Ra5+ Kh4 69. Ra4 Re2 70. Rb4 Kh3
71. Rb3+ g3 72. Rb1 Rf2 73. Rb8 1/2-1/2

[Event "Eric Lawson ben."]
[Site "Montreal CAN"]
[Date "2002.12.20"]
[Round "1"]
[White "Beland, Stephane"]
[Black "Dufour, Patrick"]
[Result "1/2-1/2"]
[WhiteElo "1483"]
[BlackElo "1152"]
[PlyCount "123"]
[EventDate "2002.12.20"]
[EventType "swiss"]
[EventRounds "4"]
[EventCountry "CAN"]

1. e4 e5 2. Nf3 Nc6 3. Bb5 a6 4. Ba4 Nf6 5. O-O Be7 6. Re1 b5 7. Bb3 d6 8. c3
Bg4 9. h3 Bh5 10. Bc2 O-O 11. g4 Bg6 12. d4 Re8 13. d5 Na5 14. Nbd2 Nd7 15. Nf1
Rc8 16. Ng3 c6 17. dxc6 Rxc6 18. a4 Qc7 19. axb5 axb5 20. Qd5 Rc5 21. Qa2 Nc4
22. b3 Ncb6 23. Bd2 Ra8 24. Qb2 f6 25. Nh4 Bf7 26. Nhf5 Bf8 27. Rxa8 Nxa8 28.
Ra1 Qb7 29. Be3 Rc8 30. Ra7 Qc6 31. Bd2 Nc7 32. Ra1 Nb6 33. Bd3 d5 34. h4 dxe4
35. Nxe4 Rd8 36. Bc2 Be6 37. Ne3 Nbd5 38. Nxd5 Bxd5 39. Ng3 Bf3 40. c4 Bxg4 41.
Ba5 bxc4 42. bxc4 Rc8 43. Be4 Qd7 44. Qc2 h6 45. Bb6 Ne8 46. Qa2 Bc5 47. Bd5+
Kh8 48. Qa5 Bxb6 49. Qxb6 Qd6 50. Qb7 Qc7 51. Qb4 Nd6 52. Ra6 Rd8 53. Rc6 Qd7
54. f3 Be6 55. Bxe6 Qxe6 56. c5 Qd5 57. Rxd6 Rxd6 58. cxd6 Qxf3 59. Qb8+ Kh7
60. Qc7 Qxg3+ 61. Kf1 Qf3+ 62. Ke1 1/2-1/2

[Event "Eric Lawson ben."]
[Site "Montreal CAN"]
[Date "2002.12.20"]
[Round "1"]
[White "Belanger, Martin"]
[Black "Amesse, Louis-Philippe"]
[Result "0-1"]
[WhiteElo "1361"]
[BlackElo "1640"]
[PlyCount "92"]
[EventDate "2002.12.20"]
[EventType "swiss"]
[EventRounds "4"]
[EventCountry "CAN"]

1. e4 d6 2. d4 Nf6 3. Nc3 g6 4. Nf3 Bg7 5. Bd3 O-O 6. O-O Nbd7 7. e5 dxe5 8.
dxe5 Ng4 9. Bf4 Ndxe5 10. Nxe5 Nxe5 11. Re1 Nc6 12. Qd2 Re8 13. Re2 Be6 14.
Rae1 Nb4 15. b3 Nxd3 16. cxd3 c6 17. Ne4 Bf5 18. Bh6 Bxe4 19. dxe4 Qxd2 20.
Bxd2 Rad8 21. Be3 a6 22. a4 Rd3 23. Rb1 Red8 24. Bc5 Rd1+ 25. Re1 Rxe1+ 26.
Rxe1 e6 27. f4 Rd3 28. Rb1 Bd4+ 29. Bxd4 Rxd4 30. Re1 Rb4 31. Re3 b6 32. g3 c5
33. e5 Rd4 34. Re1 c4 35. bxc4 Rxc4 36. Ra1 Rc2 37. h4 Rb2 38. Ra3 Kg7 39. Kf1
Kh6 40. Ke1 Kh5 41. Kf1 Kg4 42. Kg1 Kf5 43. Kf1 Ke4 44. Ke1 Kd4 45. Ra1 Rh2 46.
Rd1+ Ke3 0-1

[Event "Eric Lawson ben."]
[Site "Montreal CAN"]
[Date "2002.12.20"]
[Round "1"]
[White "Duplessis, Jean-Roch"]
[Black "Parent, Francois"]
[Result "0-1"]
[WhiteElo "1734"]
[BlackElo "1906"]
[PlyCount "46"]
[EventDate "2002.12.20"]
[EventType "swiss"]
[EventRounds "4"]
[EventCountry "CAN"]

1. e4 c5 2. Nf3 d6 3. Bb5+ Bd7 4. Qe2 Nc6 5. O-O g6 6. Rd1 Bg7 7. Bxc6 Bxc6 8.
d4 cxd4 9. Nxd4 Qb6 10. c3 Nf6 11. Nxc6 Qxc6 12. f3 O-O 13. Nd2 d5 14. exd5
Nxd5 15. Nb3 e5 16. Bg5 f6 17. Be3 b6 18. a4 f5 19. a5 Rac8 20. axb6 axb6 21.
Ra6 Rf6 22. Kh1 Nxe3 23. Qxe3 Qb5 0-1

[Event "Eric Lawson ben."]
[Site "Montreal CAN"]
[Date "2002.12.20"]
[Round "1"]
[White "Jorge, Ivan"]
[Black "Lawson, Bianca"]
[Result "1-0"]
[WhiteElo "1108"]
[BlackElo "966"]
[PlyCount "137"]
[EventDate "2002.12.20"]
[EventType "swiss"]
[EventRounds "4"]
[EventCountry "CAN"]

1. d4 d5 2. Nc3 Nf6 3. h3 Nc6 4. Bf4 a6 5. e3 e6 6. a3 h6 7. Nf3 Ne4 8. Nxe4
dxe4 9. Ne5 Nxe5 10. Bxe5 f6 11. Bh2 Bd6 12. Qh5+ Kf8 13. Bxd6+ cxd6 14. c3 Bd7
15. Bc4 Be8 16. Qd1 d5 17. Be2 g6 18. Qb3 a5 19. Bb5 Bxb5 20. Qxb5 b6 21. Qb3
Rh7 22. Rc1 Rc8 23. O-O f5 24. Rc2 Rc4 25. Qa2 a4 26. Qb1 b5 27. Qd1 Qe7 28.
Qa1 Qh4 29. Kh2 Qe7 30. Qa2 Qd6+ 31. Kg1 Rb7 32. Ra1 Rc6 33. b4 axb3 34. Qxb3
Kg7 35. Qb4 h5 36. Qxd6 Rxd6 37. Rb1 Rdb6 38. Rcb2 g5 39. a4 h4 40. Rxb5 Ra7
41. Rxb6 Rxa4 42. Rxe6 Kf7 43. Reb6 Ra7 44. Rb7+ Rxb7 45. Rxb7+ Ke6 46. Rb6+
Ke7 47. Rg6 g4 48. hxg4 fxg4 49. Rxg4 Kf6 50. Kh2 Kf5 51. Kh3 Kf6 52. Rxe4 dxe4
53. Kxh4 Ke6 54. c4 Kd6 55. g4 Ke6 56. Kg3 Kd6 57. Kf4 Kc6 58. Kxe4 Kb6 59. g5
Ka5 60. g6 Kb4 61. g7 Kxc4 62. g8=Q+ Kc3 63. Qc8+ Kd2 64. Qc4 Ke1 65. Kf3 Kd2
66. Qb3 Kc1 67. Qa2 Kd1 68. Qb2 Ke1 69. Qe2# 1-0

[Event "Eric Lawson ben."]
[Site "Montreal CAN"]
[Date "2002.12.20"]
[Round "1"]
[White "Jorge, Valdir"]
[Black "Demers, Martin"]
[Result "1-0"]
[WhiteElo "1558"]
[BlackElo "1284"]
[PlyCount "57"]
[EventDate "2002.12.20"]
[EventType "swiss"]
[EventRounds "4"]
[EventCountry "CAN"]

1. d4 Nf6 2. c4 e6 3. Nc3 Bb4 4. Bd2 d5 5. e3 c5 6. dxc5 Bxc5 7. Nf3 O-O 8. Be2
Nc6 9. O-O b6 10. Rc1 Bb7 11. cxd5 exd5 12. a3 Rc8 13. Qb3 Re8 14. Bb5 a6 15.
Be2 d4 16. exd4 Bxd4 17. Bc4 Na5 18. Bxf7+ Kf8 19. Qa2 Bxc3 20. Bxe8 Bd5 21.
Qb1 Bxf3 22. Bxc3 Be4 23. Bxf6 Rxc1 24. Rxc1 Qxe8 25. Bxg7+ Kxg7 26. Rc7+ Kg8
27. Qa2+ Bd5 28. Qxd5+ Kf8 29. Qf5+ 1-0

[Event "Eric Lawson ben."]
[Site "Montreal CAN"]
[Date "2002.12.20"]
[Round "1"]
[White "Krayushkin, Victor"]
[Black "Rivest, Jean-Michel"]
[Result "1-0"]
[WhiteElo "2109"]
[BlackElo "1785"]
[PlyCount "75"]
[EventDate "2002.12.20"]
[EventType "swiss"]
[EventRounds "4"]
[EventCountry "CAN"]

1. c4 Nf6 2. Nc3 g6 3. g3 d5 4. cxd5 Nxd5 5. Bg2 Nxc3 6. bxc3 Bg7 7. Qb3 c6 8.
d4 O-O 9. Nf3 Qb6 10. O-O Be6 11. Qc2 Nd7 12. Ba3 Rfe8 13. Rfe1 Bc4 14. Nd2 Bd5
15. e4 Be6 16. Rab1 Qa6 17. Qb2 Nb6 18. Qb4 Bxa2 19. Ra1 Be6 20. Bf1 Qa4 21.
Qb2 Nc4 22. Nxc4 Bxc4 23. Bxe7 Qb5 24. Qxb5 Bxb5 25. Bd6 Bxf1 26. Kxf1 Rad8 27.
e5 Ra8 28. Reb1 b6 29. Ra6 Bf8 30. Bxf8 Kxf8 31. Rba1 Re7 32. f4 Rb7 33. Ke2
Ke7 34. Ke3 Ke6 35. c4 h5 36. c5 Kd5 37. cxb6 Rxb6 38. Rxb6 1-0

[Event "Eric Lawson ben."]
[Site "Montreal CAN"]
[Date "2002.12.20"]
[Round "1"]
[White "Lefebvre, Gabriel"]
[Black "Marcotte, Daniel"]
[Result "1-0"]
[WhiteElo "1407"]
[BlackElo "923"]
[PlyCount "35"]
[EventDate "2002.12.20"]
[EventType "swiss"]
[EventRounds "4"]
[EventCountry "CAN"]

1. e4 e5 2. Nf3 Nc6 3. Bb5 a6 4. Ba4 Nf6 5. O-O Be7 6. Re1 b5 7. Bb3 O-O 8. c3
h6 9. d4 d6 10. h3 Be6 11. d5 Bxh3 12. gxh3 Na5 13. Kh2 c5 14. Bc2 Qd7 15. Rg1
Nh5 16. Bxh6 Kh7 17. Be3 Rg8 18. Nxe5 1-0

[Event "Eric Lawson ben."]
[Site "Montreal CAN"]
[Date "2002.12.20"]
[Round "1"]
[White "Levesque, Claude"]
[Black "Gauthier, Denis"]
[Result "0-1"]
[WhiteElo "1766"]
[BlackElo "2043"]
[PlyCount "66"]
[EventDate "2002.12.20"]
[EventType "swiss"]
[EventRounds "4"]
[EventCountry "CAN"]

1. e4 c5 2. Nc3 Nc6 3. g3 g6 4. Bg2 Bg7 5. d3 e6 6. f4 d6 7. Nf3 Nge7 8. O-O
O-O 9. Be3 b6 10. Qd2 Bb7 11. Rad1 Nd4 12. Ne2 Nxe2+ 13. Qxe2 Bxb2 14. d4 Bxe4
15. dxc5 d5 16. c4 Bg7 17. cxd5 exd5 18. cxb6 axb6 19. Nd4 Bxg2 20. Qxg2 Ra3
21. Qf2 Qd7 22. Kg2 Rfa8 23. Rd2 Qa4 24. Ra1 Nf5 25. Nxf5 Bxa1 26. Ne7+ Kf8 27.
Nxd5 Rxa2 28. Nxb6 Qe4+ 29. Kh3 Rxd2 30. Qxd2 Re8 31. Bc5+ Kg8 32. g4 h5 33.
Qd6 Qf3+ 0-1

[Event "Eric Lawson ben."]
[Site "Montreal CAN"]
[Date "2002.12.20"]
[Round "1"]
[White "Ramaswamy, Kishor"]
[Black "Rodriguez, Herver"]
[Result "1-0"]
[WhiteElo "2024"]
[BlackElo "1760"]
[PlyCount "75"]
[EventDate "2002.12.20"]
[EventType "swiss"]
[EventRounds "4"]
[EventCountry "CAN"]

1. d4 Nf6 2. Nf3 g6 3. Bg5 Bg7 4. Nbd2 d5 5. e3 O-O 6. c3 Bg4 7. h3 Bc8 8. Bd3
c6 9. O-O Bf5 10. Bxf5 gxf5 11. Bh4 Ne4 12. Ne1 Qd6 13. Nd3 Nd7 14. Re1 Rae8
15. f3 Nxd2 16. Qxd2 Bh6 17. Qf2 Kh8 18. Bg3 Qg6 19. Re2 Rg8 20. Bh2 f6 21.
Rae1 Qh5 22. Kh1 e5 23. e4 f4 24. dxe5 fxe5 25. Qxa7 dxe4 26. Rxe4 Rxg2 27.
Kxg2 Rg8+ 28. Kf2 Qxh3 29. Ke2 Rg2+ 30. Nf2 Qxh2 31. Rf1 Rg8 32. Rh1 Qg2 33.
Rxh6 Rg3 34. Rd6 Qxf3+ 35. Kd2 c5 36. Rxd7 Qxf2+ 37. Re2 Qg1 38. Qb8+ 1-0

[Event "Eric Lawson ben."]
[Site "Montreal CAN"]
[Date "2002.12.20"]
[Round "1"]
[White "Rodriguez, Aaron"]
[Black "Laframboise, Marc-Andre"]
[Result "1/2-1/2"]
[WhiteElo "1793"]
[BlackElo "2110"]
[PlyCount "139"]
[EventDate "2002.12.20"]
[EventType "swiss"]
[EventRounds "4"]
[EventCountry "CAN"]

1. e4 c5 2. Nf3 d6 3. d4 cxd4 4. Nxd4 Nf6 5. Nc3 a6 6. Be2 e6 7. Be3 Be7 8. f3
Qc7 9. O-O O-O 10. Kh1 b5 11. a3 Bb7 12. Rf2 d5 13. exd5 Nxd5 14. Nxd5 Bxd5 15.
Bf1 Nd7 16. Nf5 Bf6 17. Nd4 Nb6 18. Rc1 Rfd8 19. Rd2 Nc4 20. Bxc4 Qxc4 21. c3
Rac8 22. Nc2 Bb7 23. Nb4 Rxd2 24. Qxd2 Rd8 25. Qc2 a5 26. b3 Qc7 27. Nd3 Be7
28. b4 axb4 29. axb4 Qc4 30. Nc5 Bxc5 31. Bxc5 Ra8 32. Rd1 Bd5 33. Qd2 f6 34.
Qe1 Ra2 35. Qg3 Qxc3 36. Qd6 h6 37. Rxd5 Qe1+ 38. Bg1 Ra1 39. Qc5 Qxg1+ 40.
Qxg1 Rxg1+ 41. Kxg1 exd5 42. Kf2 Kf7 43. Ke3 Ke6 44. Kd4 Kd6 45. g3 g6 46. h3
g5 47. h4 Kc6 48. h5 Kd6 49. g4 Kc6 50. Kd3 Kd7 51. Ke3 Ke6 52. f4 gxf4+ 53.
Kxf4 d4 54. Ke4 d3 55. Kxd3 Kd5 56. Ke3 Ke5 57. Kf3 f5 58. gxf5 Kxf5 59. Ke3
Ke5 60. Kf3 Kf5 61. Ke3 Kg5 62. Kd4 Kxh5 63. Kc5 Kg4 64. Kxb5 h5 65. Ka6 h4 66.
b5 h3 67. b6 h2 68. b7 h1=Q 69. b8=Q Qa1+ 70. Kb7 1/2-1/2

[Event "Eric Lawson ben."]
[Site "Montreal CAN"]
[Date "2002.12.20"]
[Round "1"]
[White "Shili, Maher"]
[Black "Ber, Alexandre"]
[Result "1-0"]
[WhiteElo "1750"]
[BlackElo "1370"]
[PlyCount "55"]
[EventDate "2002.12.20"]
[EventType "swiss"]
[EventRounds "4"]
[EventCountry "CAN"]

1. d4 e6 2. Nf3 Be7 3. c4 f5 4. Nc3 Nf6 5. Bg5 O-O 6. e3 d6 7. Bd3 Bd7 8. Qc2
Nc6 9. a3 Nh5 10. Bxe7 Nxe7 11. O-O-O Nf6 12. h4 c6 13. Rdg1 d5 14. g4 Nxg4 15.
h5 dxc4 16. Bxc4 b5 17. Bd3 a5 18. Rxg4 fxg4 19. Bxh7+ Kh8 20. Ne5 b4 21. Nb1
Nf5 22. Bxf5 exf5 23. h6 Kh7 24. hxg7+ Kxg7 25. Qc5 Be8 26. Nd2 Qd5 27. Qe7+
Bf7 28. Qg5+ 1-0

[Event "Eric Lawson ben."]
[Site "Montreal CAN"]
[Date "2002.12.20"]
[Round "1"]
[White "Svetlovsky, Nicolas"]
[Black "Pincince, Jacques"]
[Result "0-1"]
[WhiteElo "1162"]
[BlackElo "1496"]
[PlyCount "88"]
[EventDate "2002.12.20"]
[EventType "swiss"]
[EventRounds "4"]
[EventCountry "CAN"]

1. e4 c5 2. Nf3 d6 3. Nc3 Nf6 4. d3 a6 5. h3 e6 6. Be2 Be7 7. O-O O-O 8. b3 Nc6
9. Bb2 b5 10. a4 b4 11. Na2 e5 12. c4 a5 13. Nh2 Be6 14. Bc1 Nd4 15. f4 exf4
16. Bxf4 Nd7 17. Bg4 f5 18. exf5 Bxf5 19. Nc1 Ne5 20. Ne2 Bxd3 21. Bxe5 Bxe2
22. Bxe2 dxe5 23. Nf3 Bd6 24. Qd3 Qe7 25. Qe4 Nxb3 26. Rad1 Nd4 27. Bd3 g6 28.
h4 Rae8 29. Ng5 Nf5 30. Qd5+ Kg7 31. Bxf5 gxf5 32. Rf2 Rf6 33. Rd3 h6 34. Rg3
hxg5 35. Rxg5+ Rg6 36. Rfxf5 Qe6 37. Qe4 Kh8 38. h5 Rxg5 39. Rxg5 Rg8 40. Rg6
Rxg6 41. hxg6 Kg7 42. g4 Qxg6 43. Qxg6+ Kxg6 44. Kg2 b3 0-1

[Event "Eric Lawson ben."]
[Site "Montreal CAN"]
[Date "2002.12.20"]
[Round "1"]
[White "Truong, David"]
[Black "Lawson, Jonathan"]
[Result "0-1"]
[WhiteElo "1152"]
[BlackElo "1741"]
[PlyCount "72"]
[EventDate "2002.12.20"]
[EventType "swiss"]
[EventRounds "4"]
[EventCountry "CAN"]

1. e4 e5 2. Nf3 Nc6 3. Bb5 Bc5 4. O-O Nd4 5. Nxd4 Bxd4 6. Qg4 Nf6 7. Qe2 c6 8.
c3 Bb6 9. Bc4 O-O 10. Bb3 Re8 11. d3 h6 12. Be3 Bc7 13. Nd2 d5 14. f3 d4 15.
cxd4 exd4 16. Bf2 Nh5 17. f4 Nxf4 18. Qf3 Qg5 19. Kh1 Bg4 20. h4 Qh5 21. Qg3
Ne6 22. e5 Bxe5 23. Nc4 Bxg3 24. Bxg3 Nc5 25. Nd6 Nxb3 26. axb3 Re7 27. Ne4 Be2
28. Rfe1 Qg4 29. Kh2 f5 30. Nf2 Qh5 31. Ra4 f4 32. Bxf4 Qxh4+ 33. Kg1 Qxf4 34.
Rc4 Rf8 35. Nh3 Qg3 36. Rcc1 Bf3 0-1

[Event "Eric Lawson ben."]
[Site "Montreal CAN"]
[Date "2002.12.21"]
[Round "2"]
[White "Amesse, Louis-Philippe"]
[Black "Desgroseilliers, Roland"]
[Result "0-1"]
[WhiteElo "1640"]
[BlackElo "1379"]
[PlyCount "96"]
[EventDate "2002.12.20"]
[EventType "swiss"]
[EventRounds "4"]
[EventCountry "CAN"]

1. b4 d5 2. Bb2 b6 3. Nf3 e6 4. e3 Nf6 5. a3 Be7 6. c4 O-O 7. Be2 Bb7 8. O-O
Bd6 9. Nc3 dxc4 10. Bxc4 Ng4 11. h3 Ne5 12. Nxe5 Bxe5 13. d4 Bd6 14. Qg4 Nd7
15. Rac1 Nf6 16. Qe2 Ne4 17. Nxe4 Bxe4 18. Bd3 Qh4 19. Bxe4 Qxe4 20. f3 Qh4 21.
f4 f5 22. Bc3 Qd8 23. Qc4 Rf6 24. Be1 Rg6 25. Rf3 Qe7 26. Qc6 Rf8 27. Qb7 Qd8
28. Qxa7 Qa8 29. Qxa8 Rxa8 30. Ra1 c5 31. dxc5 bxc5 32. b5 Ra4 33. Bc3 Bc7 34.
Rff1 Bb6 35. Kf2 Rc4 36. Rfc1 Re4 37. a4 c4 38. Re1 Rxf4+ 39. Kg1 Rf3 40. Kh1
Rf2 41. g3 Rxg3 42. Be5 Rxh3+ 43. Kg1 Rff3 44. Kg2 Rxe3 45. Rec1 Rh4 46. Bd6
Rg4+ 47. Kf1 Rf3+ 48. Ke2 Rf2+ 0-1

[Event "Eric Lawson ben."]
[Site "Montreal CAN"]
[Date "2002.12.21"]
[Round "2"]
[White "Asselin, John"]
[Black "Beland, Stephane"]
[Result "1-0"]
[WhiteElo "1233"]
[BlackElo "1483"]
[PlyCount "37"]
[EventDate "2002.12.20"]
[EventType "swiss"]
[EventRounds "4"]
[EventCountry "CAN"]

1. e4 c5 2. Nf3 d6 3. d4 cxd4 4. Nxd4 Nf6 5. Nc3 a6 6. Bc4 Nbd7 7. f3 e6 8. Be3
Qc7 9. Bxe6 fxe6 10. Nxe6 Qa5 11. a3 Kf7 12. b4 Qe5 13. Ng5+ Kg8 14. Qd3 b5 15.
f4 Qe7 16. Nd5 Qd8 17. Qb3 g6 18. Nxf6+ Kg7 19. Ne6+ 1-0

[Event "Eric Lawson ben."]
[Site "Montreal CAN"]
[Date "2002.12.21"]
[Round "2"]
[White "Ber, Alexandre"]
[Black "Lawson, Bianca"]
[Result "1/2-1/2"]
[WhiteElo "1370"]
[BlackElo "966"]
[PlyCount "80"]
[EventDate "2002.12.20"]
[EventType "swiss"]
[EventRounds "4"]
[EventCountry "CAN"]

1. d4 d5 2. c4 c6 3. e3 Nf6 4. Nc3 Bf5 5. Nf3 e6 6. c5 Be7 7. Be2 O-O 8. O-O b6
9. b4 a5 10. Nh4 Ne4 11. Nxf5 exf5 12. Nxe4 fxe4 13. bxa5 Rxa5 14. Bd2 Ra7 15.
cxb6 Qxb6 16. Qc2 Qc7 17. Rfb1 Rc8 18. Bb4 c5 19. Bxc5 Bxc5 20. Qxc5 Qxc5 21.
dxc5 f5 22. a4 Nd7 23. Bb5 Nxc5 24. Rd1 Rd8 25. f3 g6 26. Bc6 Nd3 27. Bb5 Ne5
28. fxe4 fxe4 29. Rac1 Ng4 30. Re1 d4 31. exd4 Rxd4 32. h3 Nf6 33. Kf2 Nd5 34.
Red1 e3+ 35. Kg3 Rxd1 36. Rxd1 e2 37. Bxe2 Nc3 38. Bc4+ Kg7 39. Ra1 Rxa4 40.
Rxa4 Nxa4 1/2-1/2